| 000 | 00324nam a22001217a 4500 | ||
|---|---|---|---|
| 008 | 211124b ||||| |||| 00| 0 eng d | ||
| 020 | _a9789351509264 | ||
| 050 |
_a372.1102 _b1 |
||
| 245 | _aTeaching-Learning Resources for School Education | ||
| 260 |
_aNew Delhi _bSAGE Publications _c2018 |
||
| 300 | _a1 | ||
| 942 |
_2ddc _cBK |
||
| 999 |
_c11911 _d11911 |
||